| 000 | 00468nam a2200157Ia 4500 | ||
|---|---|---|---|
| 999 |
_c19647 _d19647 |
||
| 003 | OSt | ||
| 005 | 20201020104546.0 | ||
| 008 | 190216s9999||||xx |||||||||||||| ||und|| | ||
| 040 | _coclc | ||
| 082 |
_a954.83 _bCHA/K |
||
| 100 |
_aChaitanya, Krishna _93110 |
||
| 245 | 0 |
_aKerala India The Land And People / _cKrishna Chaitanya |
|
| 260 |
_bNational Book Trust India, _c1972. |
||
| 300 | _a202p | ||
| 942 |
_cBK _2ddc _h954.83 _iCHA/K _k954.83 _mCHA/K |
||